Statistics for Famous People Named Al

Click here to take the quiz!

General Stats

  • This quiz has been taken 11,504 times
    (8,569 since last reset)
  • The average score is 10 of 18

Answer Stats

Clue Famous Al % Correct
E = MC2Albert Einstein
99%
Telephone inventorAlexander Graham Bell
85%
Scarfaced gangsterAl Capone
84%
He lost by 537 votes
(or maybe just 1)
Al Gore
75%
He was Michael CorleoneAl Pacino
72%
He wept, for there were no
more worlds to conquer
Alexander the Great
66%
Brother of Daniel, Billy,
and Stephen
Alec Baldwin
60%
"Amish Paradise" singer"Weird Al" Yankovic
52%
Discovered penicillinAlexander Fleming
49%
"The Count of Monte Cristo" authorAlexandre Dumas
49%
Lost a duel to Aaron BurrAlexander Hamilton
47%
Portrayer of Obi-Wan KenobiAlec Guiness
47%
Who is a game show host?Alex Trebek
43%
Knighted Manchester United managerAlex Ferguson
37%
"Let's Stay Together" soulmanAl Green
35%
Senator who called Rush Limbaugh
a big, fat idiot
Al Franken
29%
Steroidal shortstopAlex Rodriguez
28%
French absurdist who wrote
"The Stranger"
Albert Camus
28%

Score Distribution

Percentile by Number Answered

Percent of People with Each Score

Your Score History

You have not taken this quiz since the last reset